| 000 | 01360nam a2200217Ia 4500 | ||
|---|---|---|---|
| 003 | Ost | ||
| 005 | 20260507075154.0 | ||
| 008 | 260507s9999||||xx |||||||||||||| ||und|| | ||
| 020 | _a1665782014 | ||
| 040 | _cfsecg | ||
| 041 | _aara | ||
| 082 | _a330 | ||
| 100 |
_aوديان، لؤي _eمؤلف |
||
| 245 | 0 |
_aالتشريعات التجارية : _bالاوراق المالية،التأجير التمويلي،الاستثمار،البنوك ، التجارة و المؤسسات التجارية ،االصلح الواقي و الافلاس / _c لؤي وديان |
|
| 260 |
_aعمان: _bدار المستقبل, _c2010 |
||
| 300 |
_a286 صفحة؛ _c24 سم |
||
| 520 | _aقانون الأوراق المالية قانون مؤقت رقم 76 لسنة 2002، قانون التأجير التمويلي قانون مؤقت رقم 16 لسنة 2002 و قانون الاستثمارالمؤقت رقم 68 لسنة 2003 المنشور على الصفحة 3238 من عدد الجريدة الرسمية رقم 4606 تاريخ 16/6/2003 ، قانون البنوك رقم 28 لسنة 2000صدر في عدد الجريدة الرسمية رقم 14448 آب سنة 2000؛ قانون التجارة رقم 12 لسنة 1966 | ||
| 653 | _aالتجارة ــ قوانين و تشريعات | ||
| 653 | _aالقانون التجاري | ||
| 942 | _cكتاب | ||
| 999 |
_c43357 _d43357 |
||